00470nam a2200157Ia 450000500170000000800410001702000150005808200190007324500680009226000740016030000180023465000100025265000090026270000210027170000200029220241219051847.0240331s9999 xx 000 0 und d a8172148216 bEVE21922a305 0aEcclesia of Women in AsiabGathering the Voices of the Silenced aDelhibIndian Society for Promoting Christian Knowledge (ISPCK)c2005 axxiv, 460 p., aWomen aAsia aMonteiro, Eeedt aGutzler, Aeedt